000 00585nam a2200181Ia 4500
008 090123s9999 xx 000 0 und d
082 _b129
100 _aभागवत श्री.पु.
245 _aगाडगीळांच्या कथा
250 _a1
260 _bकुलकर्णी अ.अ.
300 _a160
600 _aभागवत श्री.पु.
630 _aगाडगीळांच्या कथा
700 _aभागवत श्री.पु.
730 _aगाडगीळांच्या कथा
942 _cBOOK
999 _c38217
_d38217